Statistiques concernant Ils sont nés un 17 juin

Cliquez ici pour prendre le quiz!

Statistiques générales

  • Ce quiz a été pris 41 fois
  • Le résultat moyen est 3 sur 6

Statistiques - réponses

Réponse% Correct
Venus Williams
95%
Lio
88%
Eddy Merckx
63%
Etienne Chatiliez
33%
Fabienne Thibeault
25%
Igor Stravinski
20%

Distribution des résultats

Percentile par nombre de réponses

% des personnes avec chaque résultat

Votre développement - résultats

Vous n’avez pas pris ce quiz